| 000 | 004440000a22001810004500 | ||
|---|---|---|---|
| 003 | MACL | ||
| 005 | 20160113162130.0 | ||
| 008 | 160113b xxu||||| |||| 00| 0 eng d | ||
| 040 |
_aMACL _cMACL |
||
| 041 | _aEnglish | ||
| 082 | _a947/LAM | ||
| 100 |
_aLamont, Corliss _931982 |
||
| 245 | _aSoviet Civilization | ||
| 260 |
_bPhilosophical Library _c1952 _aNew York |
||
| 350 | _a13.50 | ||
| 650 |
_aHistory _931983 |
||
| 942 |
_cBK _k947/LAM _2ddc |
||
| 999 |
_c35393 _d35393 |
||